2000s Movies by Characters Quiz Stats

 Plays Quiz Updated Nov 9, 2016

Challenge
Share
Tweet
Embed
Score 0/30 Timer 08:00
0 Plays Today
Characters Movie % Correct
Bruce Nolan, God, Evan BaxterBruce Almighty
82.9%
Gaylord Focker, Pamela Byrnes, Jack ByrnesMeet the Parents
82.2%
King Leonidas, Queen Gorgo, King Xerxes300
71.9%
Achilles, Helen, HectorTroy
70.3%
Dr. Bruce Banner, Betty Ross, General Thaddeus RossHulk
65.2%
Meriadoc Brandybuck, Legolas, SarumanThe Lord of the Rings: The Fellowship of the Ring
64.6%
Mary Magdalene, Satan, Judas IscariotThe Passion of the Christ
59.6%
Cindy Lou Who, Max, Mayor Augustus MaywhoDr. Seuss' How the Grinch Stole Christmas
54%
James P. Sullivan, Michael Wazowski, Randall BoggsMonsters, Inc.
53.9%
Michael Oher, Leigh Anne Tuohy, Sean TuohyThe Blind Side
50.2%
Count Dooku, Mace Windu, Jango FettStar Wars Episode II: Attack of the Clones
50.1%
Rusty Ryan, Linus Caldwell, Terry BenedictOcean's Eleven
40%
Jamal Malik, Latika, Salim MalikSlumdog Millionaire
39.9%
Billy Costigan, Colin Sullivan, Frank CostelloThe Departed
37.9%
Sheriff Ed Tom Bell, Anton Chigurh, Llewelyn MossNo Country for Old Men
31%
Characters Movie % Correct
Peter Bretter, Rachel Jansen, Aldous SnowForgetting Sarah Marshall
30%
Carl Fredricksen, Russell, Charles F. MuntzUp
29.8%
Tugg Speedman, Kirk Lazarus, Les GrossmanTropic Thunder
27.4%
Bob Parr, Lucius Best, Buddy PineThe Incredibles
24%
Andrea Sachs, Miranda Priestly, Christian ThompsonThe Devil Wears Prada
22.1%
Phil Wenneck, Dr. Stuart Price, Alan GarnerThe Hangover
17.8%
Mumble, Gloria, MemphisHappy Feet
17.1%
John Beckwith, Jeremy Grey, Claire ClearyWedding Crashers
16.8%
Benjamin Barker, Mrs. Lovett, Judge TurpinSweeney Todd: The Demon Barber of Fleet Street
16%
Jimmy Markum, Dave Boyle, Sean DevineMystic River
10.7%
Ann Darrow, Carl Denham, Jack DriscollKing Kong
9.6%
James Darrell Edwards III, Kevin Brown, SerleenaMen in Black II
9.5%
Mason Verger, Paul Krendler, Inspector Rinaldo PazziHannibal
9.1%
Anthony Swofford, Staff Sgt. Sykes, Fergus O'DonnellJarhead
8.8%
Billy Tyne, Bobby Shatford, Linda GreenlawThe Perfect Storm
4.3%

You're not logged in!

Compare scores with friends on all Sporcle quizzes.
OR
Log In

You Might Also Like...

Show Comments

Extras

Top Quizzes Today


Score Distribution

Your Account Isn't Verified!

In order to create a playlist on Sporcle, you need to verify the email address you used during registration. Go to your Sporcle Settings to finish the process.

Report this User

Report this user for behavior that violates our Community Guidelines.

Details: